Famous Jacksons Quiz Stats

 Plays Quiz Updated Dec 17, 2018

     
Support Sporcle.
Go Orange.
Score 0/24 Timer 06:00
0 Plays Today
Hint Person % Correct
MusicMichael Jackson
99.5%
Grab BagAndrew Jackson
83.8%
MusicJanet Jackson
81.3%
TV & MoviesRandy Jackson
79%
TV & MoviesSamuel L. Jackson
77.9%
TV & MoviesPeter Jackson
61.9%
SportsReggie Jackson
61%
SportsPhil Jackson
57.7%
Sports'Shoeless' Joe Jackson
55.9%
SportsVincent 'Bo' Jackson
55.3%
Grab BagReverend Jesse Jackson
55.2%
Grab BagThomas 'Stonewall' Jackson
53.9%
Hint Person % Correct
Grab BagJackson Pollock
44.6%
SportsSteven Jackson
40%
MusicCurtis Jackson
39.9%
MusicAlan Jackson
39.5%
TV & MoviesKate Jackson
33.5%
MusicJackson Browne
33.4%
TV & MoviesJoshua Jackson
32.7%
Grab BagPercy Jackson
17.7%
MusicMahalia Jackson
15.4%
Grab BagShirley Jackson
12.7%
TV & MoviesGlenda Jackson
9.5%
SportsLauren Jackson
7.8%

From the Vault

'T' TV Shows by Picture

by livicj5

The letter T is one of the most useful letters in the alphabet. We'd go so far as to say it's terrific.
Remove Ads.
Support Sporcle.
Get the best of Sporcle when you Go Orange. This ad-free experience offers more features, more stats, and more fun while also helping to support Sporcle. Thank you for becoming a member.

Show Comments

Extras

Top Quizzes Today


Score Distribution

Your Account Isn't Verified!

In order to create a playlist on Sporcle, you need to verify the email address you used during registration. Go to your Sporcle Settings to finish the process.

Report this User

Report this user for behavior that violates our Community Guidelines.

Details: